The nineteenth century, 1815-1914 / (Record no. 24496)
[ view plain ]
| 000 -LEADER | |
|---|---|
| fixed length control field | 00743cam a22002531 4500 |
| 001 - CONTROL NUMBER | |
| control field | 24496 |
| 003 - CONTROL NUMBER IDENTIFIER | |
| rucl marc code | BD-RjUL |
| 005 - DATE AND TIME OF LATEST TRANSACTION | |
| control field | 20211209001047.0 |
| 008 - FIXED-LENGTH DATA ELEMENTS--GENERAL INFORMATION | |
| fixed length control field | 140313s19661965nyu 000 0 eng |
| 035 ## - SYSTEM CONTROL NUMBER | |
| System control number | (BD-RjUL)24563 |
| System control number | (OCoLC)604326 |
| 040 ## - CATALOGING SOURCE | |
| Original cataloging agency | DLC |
| Transcribing agency | OCU |
| Modifying agency | OCoLC |
| -- | Uk |
| -- | DLC |
| Language of cataloging | eng |
| 041 ## - LANGUAGE CODE | |
| Language code of text/sound track or separate title | eng |
| 082 ## - DEWEY DECIMAL CLASSIFICATION NUMBER | |
| Classification number | 940.28 |
| Author mark and year | NIN 1966 |
| 100 1# - MAIN ENTRY--PERSONAL NAME | |
| Personal name | Cairns, John Campbell, |
| Dates associated with a name | 1924- |
| 9 (RLIN) | 75414 |
| 245 04 - TITLE STATEMENT | |
| Title | The nineteenth century, 1815-1914 / |
| Statement of responsibility, etc. | edited by John C. Cairns. |
| 260 ## - PUBLICATION, DISTRIBUTION, ETC. (IMPRINT) | |
| Place of publication, distribution, etc. | New York : |
| Name of publisher, distributor, etc. | Free Press, |
| Date of publication, distribution, etc. | c1965 [reprinting 1966] |
| 300 ## - PHYSICAL DESCRIPTION | |
| Pagination | vii, 263 p. ; |
| Size | 21 cm. |
| 490 0# - SERIES STATEMENT | |
| Series statement | Sources in Western civilization, |
| Volume/sequential designation | 9 |
| 650 #0 - SUBJECT ADDED ENTRY--TOPICAL TERM | |
| Topical term or geographic name as entry element | Nineteenth century. |
| 9 (RLIN) | 75081 |
| 942 ## - ADDED ENTRY ELEMENTS (KOHA) | |
| Source of classification or shelving scheme | Dewey Decimal Classification |
| Koha item type | Books |
| Lost status | Source of classification or shelving scheme | Damaged status | Not for loan | Collection code | Permanent Location | Current Location | Shelving location | Date acquired | Total Checkouts | Full call number | Date last seen | Copy number | Koha item type | Source of acquisition | Cost, normal purchase price |
|---|---|---|---|---|---|---|---|---|---|---|---|---|---|---|---|
| Dewey Decimal Classification | Non-fiction | Central Library, University of Rajshahi | Central Library, University of Rajshahi | 13/03/2014 | 940.28 NIN 1966 | 13/03/2014 | C-3 | Books | |||||||
| Dewey Decimal Classification | Non-fiction | Central Library, University of Rajshahi | Central Library, University of Rajshahi | 13/03/2014 | 940.28 NIN 1966 | 13/03/2014 | C-2 | Books | |||||||
| Dewey Decimal Classification | Added to bundle | Non-fiction | Central Library, University of Rajshahi | Central Library, University of Rajshahi | Reading Room | 26/06/1967 | 940.28 NIN 1966 | 19/03/2014 | C-1 | Books | Asia foundation | 0.00 | |||
| Dewey Decimal Classification | Added to bundle | Non-fiction | Central Library, University of Rajshahi | Central Library, University of Rajshahi | Reading Room | 26/06/1967 | 940.28 NIN 1966 | 19/03/2014 | C-5 | Books | Asia foundation | 0.00 | |||
| Dewey Decimal Classification | Non-fiction | Central Library, University of Rajshahi | Central Library, University of Rajshahi | 29/06/1967 | 940.28 NIN 1966 | 19/03/2014 | C-5 | Books | Asia foundation | 0.00 | |||||
| Dewey Decimal Classification | Non-fiction | Central Library, University of Rajshahi | Central Library, University of Rajshahi | 29/06/1967 | 940.28 NIN 1966 | 19/03/2014 | C-4 | Books | Asia foundation | 0.00 |